| 000 | 00455nam a2200169 i 4500 | ||
|---|---|---|---|
| 001 | 151283 | ||
| 003 | ES-MaACL | ||
| 005 | 20230906203931.0 | ||
| 007 | t| | ||
| 008 | 080108q19301939sp ||||1| spa d | ||
| 080 | _a821.134.2-14"19" | ||
| 100 | 1 |
_aArriaga, Adolfo de. _9125720 |
|
| 245 | 1 | 0 |
_aMis anhelos _b: poesías líricas / _cpor Adolfo de Arriaga. |
| 260 |
_a[S.l. : _bs.n., _c193-?] |
||
| 300 |
_a94 p. ; _c15 cm. |
||
| 852 |
_aES-MaACL _jD-6219 |
||
| 999 |
_c151283 _d151283 |
||